000
00303nam a2200121Ia 4500
005
20251222154407.0
008
251222s9999||||xx |||||||||||||| ||spa||
020
_a
978-612-302-106-1
082
_a
465/F41L
100
_a
"Fernández Melendez, W´élter"
245
0
_a
Lenguaje y redacción
942
_c
LIB
999
_c
35520
_d
35520